| 000 | 00618nam a2200217 a 4500 | ||
|---|---|---|---|
| 999 |
_c5541 _d5541 |
||
| 001 | 5541 | ||
| 003 | BD-JhCC | ||
| 005 | 20171217194329.0 | ||
| 008 | 171204s1986 bg |||| ||a| 001 0 ben d | ||
| 035 | _a(BD-JhCC) 5541 | ||
| 040 |
_aBD-JhCC _dBD-JhCC |
||
| 041 | _aben | ||
| 082 |
_a510 _bKHA 1986 |
||
| 100 | _aখলিল, ফররুখ | ||
| 245 |
_aগাণিতিক পদ্ধতি / _cফররুখ খলিল |
||
| 260 |
_aঢাকা : _c1986. _bবাংলা একাডেমী, |
||
| 300 |
_a480 p .: _c23 cm . |
||
| 650 | _aMathematical Mathods | ||
| 942 |
_2ddc _cBK |
||